[Event "AGAB II"]
[Site "SchemingMind.com"]
[Date "2022.12.04"]
[Round "-"]
[White "Steven DuCharme"]
[Black "Kenny Elliott"]
[Result "1-0"]
[WhiteCountry "USA"]
[BlackCountry "USA"]
[WhiteElo "1545"]
[WhiteRD "64"]
[BlackElo "1527"]
[BlackRD "68"]
[GameID "728882"]

1. g3 e5 2. Bg2 Nf6 3. d3 d5 4. h3 Be7 5. Nf3 O-O 6. O-O Nc6 7. b3 Re8 8. Bb2 d4 9. Nbd2 Bf5 10. e4 dxe3
11. fxe3 e4 12. dxe4 Nxe4 13. Nxe4 Bxe4 14. Nd4 Bxg2 15. Kxg2 Nxd4 16. Bxd4 Bd6 17. Qf3 Rf8 18. Qxb7 Qg5 19. Qf3 Qg6 20. Rf2 h5
21. h4 Rae8 22. a3 Re4 23. Rh1 Rfe8 24. c3 Rg4 25. Rh3 Ree4 26. b4 Rxh4 27. Rxh4 Rxh4 28. Qxf7+ Qxf7 29. Rxf7 Kxf7 30. gxh4 g6
31. Kf3 Ke6 32. e4 Be5 33. a4 Bxd4 34. cxd4 Kd6 35. Kf4 Kc6 36. Kg5 Kb6 37. Kxg6 a5 38. bxa5+ Kxa5 39. Kxh5
1-0

[Event "AGAB II"]
[Site "SchemingMind.com"]
[Date "2022.12.04"]
[Round "-"]
[White "Chessibelle"]
[Black "Steven DuCharme"]
[Result "0-1"]
[WhiteCountry "ENG"]
[BlackCountry "USA"]
[WhiteElo "1060"]
[WhiteRD "56"]
[BlackElo "1520"]
[BlackRD "65"]
[GameID "728883"]

1. g3 c6 2. e4 d5 3. Be2 dxe4 4. Nc3 Nf6 5. d3 Bf5 6. b3 e6 7. Bd2 exd3 8. Bf3 dxc2 9. Qc1 Be7 10. Be3 Bb4
11. Ne2 Qa5 12. Bd2 O-O 13. O-O Bd3 14. Be3 Bxc3 15. Nxc3 Qxc3 16. Re1 Nbd7 17. Bg2 a5 18. a4 Nd5 19. Qa3 Nxe3 20. fxe3 Nc5
21. Rac1 Nxb3 22. h4 Qb4 23. Qa2 Rfd8 24. Kh2 Nxc1 25. Rxc1 Qd2 26. Qa3 Be4 27. Kh3 Qxg2+ 28. Kg4 Bf3+ 29. Kf4 Rd1 30. Ra1 e5+
31. Kxe5 Re8+ 32. Kf4 Re4+ 33. Kf5 Rd5#
0-1

[Event "AGAB II"]
[Site "SchemingMind.com"]
[Date "2022.12.04"]
[Round "-"]
[White "Steven DuCharme"]
[Black "JAHI"]
[Result "0-1"]
[WhiteCountry "USA"]
[BlackCountry "INT"]
[WhiteElo "1545"]
[WhiteRD "64"]
[BlackElo "2205"]
[BlackRD "67"]
[GameID "728884"]

1. g3 Nf6 2. Bg2 h6 3. Nf3 h5 4. O-O h4 5. b3 h3 6. Bh1 a6 7. Bb2 a5 8. d3 a4 9. Nbd2 a3 10. Bxf6 exf6
11. e4 Bb4 12. c4 Kf8 13. Qc2 d6 14. d4 Bg4 15. c5 dxc5 16. dxc5 Nc6 17. Nc4 Bxc5 18. Rad1 Qe7 19. Rd5 Nb4 20. Qd2 Nxd5
21. Qxd5 c6 22. Qd3 Rd8 23. Qc2 Bxf3 24. Bxf3 g6 25. Na5 Bb4 26. Nc4 Kg7 27. Rd1 Rxd1+ 28. Qxd1 Qc7 29. Qc1 Qe7
0-1

[Event "AGAB II"]
[Site "SchemingMind.com"]
[Date "2022.12.04"]
[Round "-"]
[White "Kenny Elliott"]
[Black "JAHI"]
[Result "0-1"]
[WhiteCountry "USA"]
[BlackCountry "INT"]
[WhiteElo "1527"]
[WhiteRD "68"]
[BlackElo "2205"]
[BlackRD "67"]
[GameID "728885"]

1. g3 h6 2. Bg2 h5 3. h4 Nf6 4. d4 d6 5. Nc3 g6 6. e4 Bg7 7. Nf3 Kf8 8. O-O Bg4 9. Qd3 Bxf3 10. Bxf3 Nbd7
11. Bf4 Qc8 12. Rae1 c6 13. e5 dxe5 14. Bxe5 Nxe5 15. dxe5 Nd7 16. e6 Ne5 17. Qd1 Qxe6 18. Ne4 Qxa2 19. Qb1 Nxf3+ 20. Kg2 Nxe1+
21. Rxe1 Qd5 22. f3 Rd8 23. Nf2 Qb5 24. c3 Rd2 25. Qe4 Qxb2 26. Qe3 Bxc3 27. Qxe7+ Kg7 28. Rf1 Bd4
0-1

[Event "AGAB II"]
[Site "SchemingMind.com"]
[Date "2022.12.06"]
[Round "-"]
[White "maro"]
[Black "Steven DuCharme"]
[Result "0-1"]
[WhiteCountry "MEX"]
[BlackCountry "USA"]
[WhiteElo "1445"]
[WhiteRD "68"]
[BlackElo "1545"]
[BlackRD "64"]
[GameID "728886"]

1. g3 d5 2. d4 Nf6 3. Nc3 h6 4. Bf4 g5 5. Bd2 c6 6. Bg2 Bg7 7. Nf3 O-O 8. O-O Re8 9. Ne5 e6 10. f4 g4
11. e4 h5 12. f5 dxe4 13. Bg5 Qb6 14. fxe6 Rxe6 15. Bxf6 Bxf6 16. Bxe4 Bxe5 17. Ne2 Bxd4+ 18. Nxd4 Rxe4 19. c3 Qxb2 20. Nf5 Bxf5
21. Qd8+ Kg7 22. Qg5+ Bg6 23. Rab1 Qxc3 24. Kh1 b6 25. Rbc1 Qe5 26. Qd8 Rd4 27. Qc8 Be4+ 28. Kg1 Rd2 29. Rf2 Rxf2 30. Kxf2 Qf5+
31. Qxf5 Bxf5
0-1

[Event "AGAB II"]
[Site "SchemingMind.com"]
[Date "2022.12.03"]
[Round "-"]
[White "maro"]
[Black "Kenny Elliott"]
[Result "0-1"]
[WhiteCountry "MEX"]
[BlackCountry "USA"]
[WhiteElo "1445"]
[WhiteRD "68"]
[BlackElo "1527"]
[BlackRD "68"]
[GameID "728887"]

1. g3 d5 2. d4 Nc6 3. e3 Bf5 4. Bd3 Bxd3 5. Qxd3 Nf6 6. Nd2 Nb4 7. Qb5+ c6 8. Qxb4 b6 9. Ngf3 e5 10. Qc3 c5
11. Nxe5 Bd6 12. dxc5 bxc5 13. Ndf3 Ne4 14. Qd3 Nf6 15. Nc6 Qc7 16. Qb5 O-O 17. Bd2 d4 18. Ba5 a6 19. Qa4 Qd7 20. Nfe5 Bxe5
21. exd4 Bxd4 22. O-O Qh3 23. Ne7+ Kh8 24. Qc6 Ng4 25. Qg2 Qxg2+ 26. Kxg2 Rfe8 27. Nf5 Bxb2 28. Rad1 g6 29. Nd6 Re2 30. Nxf7+ Kg7
31. Ng5 Bd4 32. Kh3 Nxf2+ 33. Rxf2 Rxf2 34. Ne6+ Kh6 35. Nxd4 cxd4 36. Rxd4 Rxc2 37. Rh4+ Kg7 38. Bb4 Kg8 39. a4 Re8 40. Rd4 Re5
41. Kg4 Rxh2 42. Bd6 h5+ 43. Kf3 Rf5+ 44. Rf4 Rxf4+ 45. Bxf4 Ra2
0-1

[Event "AGAB II"]
[Site "SchemingMind.com"]
[Date "2022.12.03"]
[Round "-"]
[White "maro"]
[Black "ray winteringham"]
[Result "1-0"]
[WhiteCountry "MEX"]
[BlackCountry "ENG"]
[WhiteElo "1445"]
[WhiteRD "68"]
[BlackElo "1416"]
[BlackRD "47"]
[GameID "728888"]

1. g3 d5 2. d4 Nc6 3. Bf4 e6 4. Bh3 Nf6 5. Nc3 Bd6 6. Nb5 Bxf4 7. gxf4 Qe7 8. a3 Bd7 9. Nxc7+ Kd8 10. Nxa8 Ne4
11. Nf3 Kc8 12. Qd3 Kb8 13. Rg1 Qf6 14. Qe3 Kxa8 15. O-O-O a6 16. Ne5 Rd8 17. f3 Nd6 18. Nxc6 bxc6 19. Qd3 Qxf4+ 20. Kb1 Qh6
21. Qxa6+ Kb8 22. Rd3 Bc8 23. Qb6+ Bb7 24. Qxd8+ Nc8 25. Rb3 Qxh3 26. Rxg7 Qh5 27. Rg8 Qxh2 28. Qxc8+ Ka7 29. Qxb7#
1-0

[Event "AGAB II"]
[Site "SchemingMind.com"]
[Date "2022.12.03"]
[Round "-"]
[White "Chessibelle"]
[Black "maro"]
[Result "0-1"]
[WhiteCountry "ENG"]
[BlackCountry "MEX"]
[WhiteElo "1088"]
[WhiteRD "55"]
[BlackElo "1445"]
[BlackRD "68"]
[GameID "728889"]

1. g3 e5 2. c3 Nf6 3. d3 Nc6 4. e4 Bc5 5. h3 d5 6. Nd2 dxe4 7. Qc2 exd3 8. Bxd3 O-O 9. Ngf3 Re8 10. h4 Ng4
11. Ne4 Bb6 12. b4 f5 13. Bg5 Qd5 14. c4 Bxf2+ 15. Kf1 Ne3+ 16. Ke2 Nd4+ 17. Kd2 Qd7 18. Qb2 Nxf3+ 19. Ke2 fxe4 20. Bb1 Nd4+
21. Kxf2 Ng4+ 22. Kg2 Rf8 23. Bxe4 Rf2+ 24. Qxf2 Nxf2 25. Kxf2 Qg4 26. Rae1 Be6 27. Bxb7 Rf8+ 28. Ke3 Qxg3+ 29. Kd2 Rf2+ 30. Kd1 Qd3+
31. Kc1 Qc2#
0-1

[Event "AGAB II"]
[Site "SchemingMind.com"]
[Date "2022.12.03"]
[Round "-"]
[White "maro"]
[Black "JAHI"]
[Result "0-1"]
[WhiteCountry "MEX"]
[BlackCountry "INT"]
[WhiteElo "1375"]
[WhiteRD "67"]
[BlackElo "2168"]
[BlackRD "68"]
[GameID "728890"]

1. g3 h6 2. d4 h5 3. Nf3 g6 4. e4 Bg7 5. Nc3 Kf8 6. Bg5 d6 7. Nd5 c6 8. Nc3 Bg4 9. Bc4 Nd7 10. O-O h4
11. Qd3 Bxf3 12. Qxf3 Qe8 13. Bxh4 Rxh4 14. gxh4 Bxd4 15. Ne2 Bxb2 16. Rab1 Bf6 17. Kh1 b6 18. Rg1 Ne5 19. Qb3 Bxh4 20. Nf4 Nxc4
21. Qxc4 b5 22. Ne6+ fxe6 23. Qxe6 Nf6 24. e5 dxe5 25. f4 exf4 26. Rbf1 g5 27. Qe5 Rd8 28. Rxg5 Rd5 29. Qxf4 Bxg5 30. Qg4 Qg6
31. h4 Qh7 32. Qc8+ Kg7 33. Kg2 Rd2+ 34. Kf3 Qe4+ 35. Kg3 Qg2#
0-1

[Event "AGAB II"]
[Site "SchemingMind.com"]
[Date "2022.12.06"]
[Round "-"]
[White "maro"]
[Black "eliecercruzr"]
[Result "0-1"]
[WhiteCountry "MEX"]
[BlackCountry "CUB"]
[WhiteElo "1445"]
[WhiteRD "68"]
[BlackElo "2288"]
[BlackRD "97"]
[GameID "728891"]

1. g3 e5 2. e4 d5 3. exd5 Qxd5 4. Nf3 Bg4 5. Bg2 Nc6 6. Nc3 Qd7 7. O-O O-O-O 8. d3 f6 9. Be3 Nge7 10. Nb5 Kb8
11. c4 a6 12. Nc3 h5 13. Qa4 h4 14. gxh4 Bh3 15. Bxh3 Qxh3 16. Qd1 Ng6 17. Ne4 Nxh4 18. Nxh4 Rxh4
0-1

[Event "AGAB II"]
[Site "SchemingMind.com"]
[Date "2022.12.05"]
[Round "-"]
[White "Nattybridge"]
[Black "maro"]
[Result "1-0"]
[WhiteCountry "ENG"]
[BlackCountry "MEX"]
[WhiteElo "2118"]
[WhiteRD "95"]
[BlackElo "1445"]
[BlackRD "68"]
[GameID "728892"]

1. g3 e5 2. c4 Bc5 3. Nc3 Nf6 4. Bg2 d6 5. e3 Nc6 6. Nge2 Be6 7. d4 exd4 8. exd4 Bxc4 9. dxc5 O-O 10. cxd6 Re8
11. Be3 Ng4 12. O-O Nxe3 13. fxe3 Rxe3 14. Rf4 Qd7 15. Rxc4 Rae8 16. dxc7 Qxc7 17. Nd5 Qe5 18. Nxe3 Qxe3+ 19. Kf1 Ne5 20. Re4 Qh6
21. Nf4 Qxh2 22. Rxe5
1-0

[Event "AGAB II"]
[Site "SchemingMind.com"]
[Date "2022.12.03"]
[Round "-"]
[White "CapaChess"]
[Black "maro"]
[Result "1-0"]
[WhiteCountry "CUB"]
[BlackCountry "MEX"]
[WhiteElo "2029"]
[WhiteRD "140"]
[BlackElo "1443"]
[BlackRD "74"]
[GameID "728893"]

1. g3 e5 2. c4 d5 3. cxd5 Qxd5 4. Nf3 e4 5. Nc3 Qd8 6. Nxe4 Bf5 7. Nc3 Nf6 8. Bg2 Bc5 9. Qb3 O-O 10. Qxb7 Bxf2+
11. Kxf2 Ng4+ 12. Kg1 Nd7 13. h3 Nc5 14. Qd5 Qxd5 15. Nxd5 Nf6 16. Ne7+ Kh8 17. Nxf5 Rfe8 18. N3d4 g6 19. Bxa8 Rxa8 20. Nh6
1-0

[Event "AGAB II"]
[Site "SchemingMind.com"]
[Date "2022.12.04"]
[Round "-"]
[White "Steven DuCharme"]
[Black "MazetaFighter"]
[Result "0-1"]
[WhiteCountry "USA"]
[BlackCountry "GRE"]
[WhiteElo "1520"]
[WhiteRD "65"]
[BlackElo "2030"]
[BlackRD "103"]
[GameID "728894"]

1. g3 d5 2. Bg2 e5 3. d3 Nc6 4. Nf3 f6 5. O-O Be6 6. Nbd2 Qd7 7. Nb3 Bh3 8. Bd2 Bxg2 9. Kxg2 O-O-O 10. a3 Bd6
11. c4 e4 12. dxe4 dxe4 13. Nfd4 Nxd4 14. Nxd4 Be5 15. Be3 Bxd4 16. Bxd4 Qxd4 17. Qxd4 Rxd4 18. b3 Ne7 19. e3 Rd2 20. Rfd1 Rhd8
0-1

[Event "AGAB II"]
[Site "SchemingMind.com"]
[Date "2022.12.04"]
[Round "-"]
[White "Kenny Elliott"]
[Black "MazetaFighter"]
[Result "0-1"]
[WhiteCountry "USA"]
[BlackCountry "GRE"]
[WhiteElo "1549"]
[WhiteRD "72"]
[BlackElo "2030"]
[BlackRD "103"]
[GameID "728895"]

1. g3 d5 2. d4 Bf5 3. Bg2 e6 4. Bf4 Nf6 5. Bg5 Be7 6. Bxf6 Bxf6 7. e3 c5 8. Ne2 Nc6 9. a3 Qa5+ 10. Nd2 O-O-O
11. O-O c4 12. c3 h6 13. e4 Bh7 14. b3 cxb3 15. Nxb3 Qa4 16. Qb1 Be7 17. Nc5 Bxc5 18. dxc5 Bxe4 19. Nd4 Bxb1
0-1

[Event "AGAB II"]
[Site "SchemingMind.com"]
[Date "2022.12.06"]
[Round "-"]
[White "maro"]
[Black "MazetaFighter"]
[Result "0-1"]
[WhiteCountry "MEX"]
[BlackCountry "GRE"]
[WhiteElo "1445"]
[WhiteRD "68"]
[BlackElo "1975"]
[BlackRD "94"]
[GameID "728896"]

1. g3 e5 2. e4 Nc6 3. Nf3 Nf6 4. Nc3 Bc5 5. Bc4 d6 6. d3 Na5 7. Bxf7+ Kxf7 8. Ng5+ Ke8 9. Qf3 h6 10. Nd5 c6
11. Nxf6+ Qxf6 12. Qxf6 gxf6 13. Nf3 b5 14. Bd2 Bb6 15. b4 Nb7 16. Nh4 Kf7 17. f4 a5 18. bxa5 Bxa5 19. fxe5 dxe5 20. c3 Bh3
21. Nf5 Bxf5 22. exf5 Nd6 23. O-O h5 24. h3 Rag8 25. Kh2 Bb6 26. Rae1 Ra8 27. c4 bxc4 28. Bb4 Rxa2+ 29. Kh1 c5 30. Bc3 cxd3
31. Rb1 Ba5 32. Bxa5 Rxa5 33. Rb6 Ke7 34. Rb3 c4
0-1

[Event "AGAB II"]
[Site "SchemingMind.com"]
[Date "2022.12.04"]
[Round "-"]
[White "MazetaFighter"]
[Black "pmdpsp"]
[Result "1-0"]
[WhiteCountry "GRE"]
[BlackCountry "GER"]
[WhiteElo "2030"]
[WhiteRD "103"]
[BlackElo "1736"]
[BlackRD "84"]
[GameID "728897"]

1. g3 Nc6 2. Bg2 d5 3. d4 Nf6 4. Nf3 Bf5 5. O-O e6 6. c4 b6 7. cxd5 exd5 8. Nc3 Bd6 9. Bg5 O-O 10. Nxd5 Be4
11. Nxf6+ gxf6 12. Bh6 Re8 13. e3 Bf8 14. Bf4 Bd6 15. Nh4 Bxf4 16. Bxe4 Rxe4 17. Qf3 Re6 18. d5 Ne5 19. Qg2 Bh6 20. dxe6 fxe6
21. Rfd1 Qe7 22. Qxa8+
1-0

[Event "AGAB II"]
[Site "SchemingMind.com"]
[Date "2022.12.04"]
[Round "-"]
[White "ray winteringham"]
[Black "MazetaFighter"]
[Result "0-1"]
[WhiteCountry "ENG"]
[BlackCountry "GRE"]
[WhiteElo "1406"]
[WhiteRD "50"]
[BlackElo "2030"]
[BlackRD "103"]
[GameID "728898"]

1. g3 e5 2. e4 Nf6 3. Bg2 Bc5 4. d3 O-O 5. Nc3 c6 6. Nge2 d5 7. exd5 cxd5 8. O-O Nc6 9. Bg5 Be6 10. Kh1 d4
11. Ne4 Be7 12. f4 Nxe4 13. Bxe7 Nxg3+ 14. hxg3 Nxe7 15. b3 Nf5 16. Qc1 Ne3 17. Rg1 Nxg2 18. Rxg2 Bd5 19. fxe5 Re8 20. Nf4 Bxg2+
21. Kxg2 Rxe5 22. c4 Qd7 23. Qh1 Qc6+ 24. Nd5 Rae8 25. Qh3 Re2+ 26. Kg1 h6 27. a4 Qd6 28. Qg4 Qe6 29. Qxd4 Re1+ 30. Rxe1 Qxe1+
31. Kh2 Re2+ 32. Kh3 Qf1+ 33. Kg4 f5+ 34. Kh5 Qf3+ 35. Kg6 Re6+ 36. Nf6+ Rxf6+
0-1

[Event "AGAB II"]
[Site "SchemingMind.com"]
[Date "2022.12.04"]
[Round "-"]
[White "MazetaFighter"]
[Black "Chessibelle"]
[Result "1-0"]
[WhiteCountry "GRE"]
[BlackCountry "ENG"]
[WhiteElo "2030"]
[WhiteRD "103"]
[BlackElo "1060"]
[BlackRD "56"]
[GameID "728899"]

1. g3 d5 2. Nf3 Nf6 3. Bg2 g6 4. c4 e6 5. O-O Be7 6. Nc3 a6 7. d4 O-O 8. Bh6 Re8 9. h3 c5 10. Ne5 Nbd7
11. cxd5 Bd6 12. dxe6 fxe6 13. Nc4 Bc7 14. Bg5 Qe7 15. d5 Qf7 16. dxe6 Qxe6 17. Bxf6 Nxf6 18. Nd5 Bd8 19. Ncb6 Bxb6 20. Qb3 Ba7
21. Nxf6+ Kg7 22. Nxe8+ Qxe8 23. Rad1 Rb8 24. Qc3+ Kg8 25. Bd5+ Kf8 26. Qf6+
1-0

[Event "AGAB II"]
[Site "SchemingMind.com"]
[Date "2022.12.04"]
[Round "-"]
[White "JAHI"]
[Black "MazetaFighter"]
[Result "1-0"]
[WhiteCountry "INT"]
[BlackCountry "GRE"]
[WhiteElo "2174"]
[WhiteRD "67"]
[BlackElo "2002"]
[BlackRD "82"]
[GameID "728900"]

1. g3 d5 2. Bg2 e5 3. Kf1 Nc6 4. d3 Be6 5. h3 h5 6. Nc3 Bc5 7. a3 h4 8. g4 Qd7 9. b3 O-O-O 10. b4 Bd4
11. Bb2 Bxc3 12. Bxc3 d4 13. Be1 Bd5 14. Nf3 e4 15. dxe4 Bxe4 16. b5 Nce7 17. c3 Qxb5 18. a4 Qd7 19. Qxd4 Qxd4= 20. cxd4 Ng6
21. e3 Nf6 22. Ng5 Bxg2+ 23. Kxg2 Rd7 24. Ra3 Re8 25. a5 Nd5 26. Bd2 f6 27. Nf3 c6 28. Rb3 Re4 29. Rc1 Rc7 30. Rcb1 Re8
31. Bc1 Rh8 32. Kh2 Nf8 33. e4 Ne7 34. Bf4 Rd7 35. Be3 g5= 36. e5 fxe5 37. Nxe5 Rc7 38. Nf7 Rg8 39. Nd6+
1-0

[Event "AGAB II"]
[Site "SchemingMind.com"]
[Date "2022.12.05"]
[Round "-"]
[White "eliecercruzr"]
[Black "MazetaFighter"]
[Result "1/2-1/2"]
[WhiteCountry "CUB"]
[BlackCountry "GRE"]
[WhiteElo "2229"]
[WhiteRD "87"]
[BlackElo "1992"]
[BlackRD "89"]
[GameID "728901"]

1. g3 e5 2. c4 Nf6 3. Bg2 h6 4. Nc3 Bb4 5. Qb3 a5 6. a3 Bxc3 7. Qxc3 d6 8. e3 O-O 9. Ne2 Nc6 10. O-O Bd7
11. b3 Qc8 12. f3 Bh3= 13. Bb2 Bxg2 14. Kxg2 d5 15. cxd5 Nxd5 16. Qc2 Rd8 17. e4 Nde7 18. Rfd1 Qe6 19. d4 exd4 20. Nxd4 Nxd4
21. Bxd4 Nc6 22. Bb2 f6 23. Rac1 Kf7 24. h4 h5 25. Bc3 Rd6 26. Rxd6 cxd6 27. Qd1 Rd8= 28. Qd5 g6 29. Bxf6 Kxf6 30. Qg5+ Kg7
31. Rxc6 bxc6 32. Qxd8 Qxb3 33. Qd7+ Kh6 34. Qxd6=
1/2-1/2

[Event "AGAB II"]
[Site "SchemingMind.com"]
[Date "2022.12.05"]
[Round "-"]
[White "MazetaFighter"]
[Black "Nattybridge"]
[Result "1/2-1/2"]
[WhiteCountry "GRE"]
[BlackCountry "ENG"]
[WhiteElo "2030"]
[WhiteRD "103"]
[BlackElo "2141"]
[BlackRD "93"]
[GameID "728902"]

1. g3 e5 2. c4 c6 3. Nf3 e4 4. Nd4 d5 5. cxd5 Qxd5 6. Nc2 Nf6 7. Nc3 Qe6 8. Bg2 Bc5 9. O-O O-O 10. d3 exd3
11. exd3 Na6 12. d4 Rd8 13. Re1 Qf5 14. Re5=
1/2-1/2

[Event "AGAB II"]
[Site "SchemingMind.com"]
[Date "2022.12.04"]
[Round "-"]
[White "MazetaFighter"]
[Black "CapaChess"]
[Result "0-1"]
[WhiteCountry "GRE"]
[BlackCountry "CUB"]
[WhiteElo "1975"]
[WhiteRD "94"]
[BlackElo "2232"]
[BlackRD "102"]
[GameID "728903"]

1. g3 e5 2. c4 Nf6 3. Nc3 Bb4 4. Nf3 e4 5. Nd4 Nc6 6. Nc2 Bxc3 7. dxc3 h6 8. Bg2 d6 9. Ne3 a5 10. O-O O-O
11. Qc2 Re8 12. Bd2 a4 13. b3 Ra5 14. b4 Rh5 15. Qxa4 Ng4 16. h3 Nxe3 17. Bxe3 Ne5 18. c5 Bd7 19. Qc2 Qc8 20. h4 Ng6
21. cxd6 cxd6 22. Rfd1 Nxh4 23. gxh4 Bh3 24. Kf1 Bxg2+ 25. Kxg2 Rxh4 26. f3 exf3+ 27. exf3 Qh3+
0-1

[Event "AGAB II"]
[Site "SchemingMind.com"]
[Date "2022.12.04"]
[Round "-"]
[White "Steven DuCharme"]
[Black "pmdpsp"]
[Result "0-1"]
[WhiteCountry "USA"]
[BlackCountry "GER"]
[WhiteElo "1520"]
[WhiteRD "65"]
[BlackElo "1736"]
[BlackRD "84"]
[GameID "728904"]

1. g3 d5 2. Bg2 e5 3. d3 Nf6 4. Nf3 Nc6 5. O-O Bc5 6. Nbd2 O-O 7. Nb3 Bb6 8. Bg5 h6 9. Bxf6 Qxf6 10. h3 Be6
11. c3 Rad8 12. a4 a6 13. a5 Ba7 14. Ra4 e4 15. Qc2 exf3 16. exf3 d4 17. cxd4 Bxd4 18. Nxd4 Rxd4 19. Rxd4 Nxd4
0-1

[Event "AGAB II"]
[Site "SchemingMind.com"]
[Date "2022.12.03"]
[Round "-"]
[White "Kenny Elliott"]
[Black "pmdpsp"]
[Result "0-1"]
[WhiteCountry "USA"]
[BlackCountry "GER"]
[WhiteElo "1549"]
[WhiteRD "72"]
[BlackElo "1736"]
[BlackRD "84"]
[GameID "728905"]

1. g3 e5 2. e4 d5 3. Bg2 Nf6 4. Ne2 dxe4 5. Nbc3 Bf5 6. O-O Bc5 7. Kh1 Ng4 8. Nxe4 Bxe4 9. Bxe4 Nxf2+ 10. Rxf2 Bxf2
11. Bxb7 c6 12. Bxa8 Qd5#
0-1

[Event "AGAB II"]
[Site "SchemingMind.com"]
[Date "2022.12.03"]
[Round "-"]
[White "maro"]
[Black "pmdpsp"]
[Result "0-1"]
[WhiteCountry "MEX"]
[BlackCountry "GER"]
[WhiteElo "1445"]
[WhiteRD "68"]
[BlackElo "1755"]
[BlackRD "85"]
[GameID "728906"]

1. g3 Nf6 2. d3 d5 3. Bh3 e5 4. Bxc8 Qxc8 5. Nc3 Bb4 6. Bd2 Qf5 7. e4 dxe4 8. a3 Bc5 9. Be3 Bxe3 10. fxe3 O-O
11. dxe4 Nxe4 12. Nxe4 Qxe4 13. Nf3 Nc6 14. Qe2 Rad8 15. O-O Nd4 16. Nxd4 exd4 17. Rf4 Qxe3+ 18. Qxe3 dxe3 19. Re1 Rfe8 20. Kf1 Rd2
21. Re2 Rd1+ 22. Kg2 Rd2 23. Rff2 f6 24. Rxd2 exf2 25. Kxf2 Re7 26. h4 h5 27. Kf3 Kf7 28. Kf4 g6 29. Rd8 c5 30. Rh8 b6
31. Rh7+ Ke6 32. Rh6 Rg7 33. c4 a6 34. Rh8 Rd7 35. Re8+ Kf7 36. Re4 Rd2 37. b4 cxb4 38. axb4 a5 39. c5 bxc5 40. bxa5 Ra2
0-1

[Event "AGAB II"]
[Site "SchemingMind.com"]
[Date "2022.12.03"]
[Round "-"]
[White "ray winteringham"]
[Black "pmdpsp"]
[Result "0-1"]
[WhiteCountry "ENG"]
[BlackCountry "GER"]
[WhiteElo "1406"]
[WhiteRD "50"]
[BlackElo "1736"]
[BlackRD "84"]
[GameID "728907"]

1. g3 d5 2. d4 Nf6 3. Bg2 Nc6 4. e3 e6 5. Ne2 Bb4+ 6. Bd2 Qe7 7. Nbc3 O-O 8. a3 Bd6 9. O-O b6 10. b4 a5
11. b5 Na7 12. a4 c6 13. f4 cxb5 14. axb5 Bd7 15. Rb1 Qe8 16. Bf3 Nxb5 17. Na4 Na3 18. Rxb6 Bxa4 19. Rxd6 Nc4 20. Rxd5 exd5
21. Qc1 Qc6 22. c3 Bb5 23. h4 a4 24. Rd1 a3 25. Qa1 Nb2 26. Rb1 Bd3 27. Re1 Nc4 28. Bc1 Qe6 29. Kh2 Ng4+ 30. Bxg4 Qxg4
31. Ng1 Rfb8 32. Kg2 Nd6 33. Qa2 Ne4 34. Qxd5 Qxg3+
0-1

[Event "AGAB II"]
[Site "SchemingMind.com"]
[Date "2022.12.03"]
[Round "-"]
[White "JAHI"]
[Black "pmdpsp"]
[Result "1-0"]
[WhiteCountry "INT"]
[BlackCountry "GER"]
[WhiteElo "2179"]
[WhiteRD "69"]
[BlackElo "1736"]
[BlackRD "84"]
[GameID "728909"]

1. g3 Nc6 2. Bg2 d5 3. Kf1 Nf6 4. d3 h6 5. h3 e5 6. g4 Bc5 7. Nc3 Be6 8. a3 Nd7 9. Bxd5 Qh4 10. e3 h5
11. Bxe6 fxe6 12. Nf3 Qf6 13. g5 Qf7 14. Ne4 Bb6 15. b3 Rf8 16. Kg2 O-O-O 17. b4 Nf6 18. gxf6 gxf6 19. Rg1 f5 20. Neg5 Rg8
21. Kh2 Qf6 22. Bb2 h4 23. b5 Ne7 24. Bxe5 Qh6 25. Nf7
1-0

[Event "AGAB II"]
[Site "SchemingMind.com"]
[Date "2022.12.03"]
[Round "-"]
[White "eliecercruzr"]
[Black "pmdpsp"]
[Result "1-0"]
[WhiteCountry "CUB"]
[BlackCountry "GER"]
[WhiteElo "2286"]
[WhiteRD "92"]
[BlackElo "1736"]
[BlackRD "84"]
[GameID "728910"]

1. g3 d5 2. c4 Nf6 3. cxd5 Qxd5 4. Nf3 e5 5. Nc3 Qe6 6. Bg2 Qf5 7. d4 exd4 8. Nxd4 Qh5 9. Bf4 c6 10. O-O Bh3
11. Qb3 Bxg2 12. Qxb7 Be7 13. Kxg2 O-O 14. Qxa8 Bc5 15. Rad1 Nd5 16. Bxb8 Nb6 17. Qb7 Bxd4 18. Rxd4
1-0

[Event "AGAB II"]
[Site "SchemingMind.com"]
[Date "2022.12.05"]
[Round "-"]
[White "pmdpsp"]
[Black "Nattybridge"]
[Result "0-1"]
[WhiteCountry "GER"]
[BlackCountry "ENG"]
[WhiteElo "1736"]
[WhiteRD "84"]
[BlackElo "2141"]
[BlackRD "93"]
[GameID "728911"]

1. g3 e5 2. Bg2 d5 3. Nf3 e4 4. Nd4 c5 5. Nb3 c4 6. Nd4 Bc5 7. c3 Nc6 8. e3 Ne5 9. O-O Nf6 10. b3 O-O
11. Ba3 b6 12. bxc4 Nxc4 13. Bxc5 bxc5 14. Nb3 Nb2 15. Qc2 Nd3 16. c4 Bf5 17. cxd5 Qxd5 18. Nc3 Qe6 19. f3 exf3 20. Bxf3 Rad8
21. Na4 Ne1 22. Qxc5 Nxf3+ 23. Rxf3 Be4 24. Rf2 Bd5 25. Nd4 Qe4 26. Rf3 Nd7 27. Qc2 Qxc2 28. Nxc2 Bxf3 29. Nd4 Ne5 30. Kf2 Ba8
31. Nc3 Ng4+ 32. Kg1 Rb8 33. a4 Rb2 34. Nf3 Bxf3
0-1

[Event "AGAB II"]
[Site "SchemingMind.com"]
[Date "2022.12.03"]
[Round "-"]
[White "pmdpsp"]
[Black "CapaChess"]
[Result "0-1"]
[WhiteCountry "GER"]
[BlackCountry "CUB"]
[WhiteElo "1736"]
[WhiteRD "84"]
[BlackElo "2029"]
[BlackRD "140"]
[GameID "728912"]

1. g3 e5 2. Bg2 d5 3. d3 Nc6 4. Nc3 Nf6 5. Bg5 Be6 6. e4 dxe4 7. Nxe4 Be7 8. Qf3 Nd4 9. Qd1 Nxe4 10. Bxe7 Qxe7
11. Bxe4 O-O-O 12. Nf3 Bh3 13. Nxd4 exd4 14. Qf3 f5 15. O-O-O fxe4 16. dxe4 Rhf8 17. Qe2 Qf7 18. b3 Qxf2 19. Qxf2 Rxf2 20. Rde1 d3
21. cxd3 Rxd3 22. Kb1 Rdd2 23. e5 Bf5+ 24. Kc1 Rc2+ 25. Kb1 Rb2+ 26. Ka1 Rxa2#
0-1

[Event "AGAB II"]
[Site "SchemingMind.com"]
[Date "2022.12.04"]
[Round "-"]
[White "ray winteringham"]
[Black "Steven DuCharme"]
[Result "0-1"]
[WhiteCountry "ENG"]
[BlackCountry "USA"]
[WhiteElo "1416"]
[WhiteRD "47"]
[BlackElo "1545"]
[BlackRD "64"]
[GameID "728913"]

1. g3 e5 2. e4 c6 3. c4 d5 4. Qe2 dxe4 5. Qxe4 Qd4 6. Bg2 Nf6 7. Qxd4 exd4 8. Nf3 c5 9. d3 Bd6 10. Bg5 O-O
11. Bxf6 gxf6 12. O-O Re8 13. Nbd2 Nc6 14. Nh4 Bd7 15. Ne4 Be7 16. b3 Kg7 17. f4 f5 18. Nd2 Bxh4 19. gxh4 Nb4 20. Bxb7 Rab8
21. Bd5 Nxd3 22. Kh1 Re2 23. Nf3 Nxf4 24. Ng5 Nxd5 25. cxd5 Re5 26. h5 h6 27. Nh3 Rxd5 28. Nf4 Re5 29. Rg1+ Kh7 30. Nd3 Bc6+
31. Rg2 Re2 32. Rg1 Rg8 33. a4 Rexg2
0-1

[Event "AGAB II"]
[Site "SchemingMind.com"]
[Date "2022.12.03"]
[Round "-"]
[White "ray winteringham"]
[Black "Kenny Elliott"]
[Result "0-1"]
[WhiteCountry "ENG"]
[BlackCountry "USA"]
[WhiteElo "1416"]
[WhiteRD "47"]
[BlackElo "1527"]
[BlackRD "68"]
[GameID "728914"]

1. g3 e5 2. e4 Nf6 3. Bg2 Nc6 4. d3 Bc5 5. Nf3 O-O 6. O-O d6 7. Nc3 Bg4 8. Be3 Bxe3 9. fxe3 Qd7 10. a3 Bh3
11. Nb5 Bxg2 12. Kxg2 a6 13. Nc3 Ng4 14. Qd2 Ne7 15. Nd5 Nxd5 16. exd5 Nf6 17. e4 Qg4 18. Qg5 Qxg5 19. Nxg5 h6 20. Nf3 h5
21. h3 Nh7 22. h4 f5 23. Nh2 g6 24. c4 b6 25. b4 Rf7 26. Rf2 Raf8 27. Raf1 f4 28. gxf4 exf4 29. Rg1 Rg7 30. Nf3 g5
31. Kf1 g4 32. Ne1 g3 33. Rf3 Rg4 34. Ng2 Rf7 35. Ke2 Nf8 36. Kd2 Ng6 37. Rh1 Ne5 38. Rff1 f3 39. Ne3 Rgf4 40. Nf5 g2
41. Rhg1 Ng4 42. Rd1 Rf6 43. Ng3 Rh6 44. Nf5 Rf6 45. Kc2 Ne3+ 46. Nxe3 Rxh4 47. Nxg2 Rh2 48. Rd2 f2 49. Ne3+ fxg1=Q
0-1